|
|
|
|
| LEADER |
00000cam a2200000 cc4500 |
| 001 |
1091074542 |
| 003 |
DE-627 |
| 005 |
20220514124120.0 |
| 007 |
tu |
| 008 |
900720s1989 xx ||||| 00| ||ger c |
| 020 |
|
|
|a 3423059133
|9 3-423-05913-3
|
| 020 |
|
|
|a 3761859139
|9 3-7618-5913-9
|
| 035 |
|
|
|a (DE-627)1091074542
|
| 035 |
|
|
|a (DE-576)021074542
|
| 035 |
|
|
|a (DE-599)BSZ021074542
|
| 035 |
|
|
|a (OCoLC)311288668
|
| 040 |
|
|
|a DE-627
|b ger
|c DE-627
|e rakwb
|
| 041 |
|
|
|a ger
|
| 084 |
|
|
|a 1
|2 ssgn
|
| 084 |
|
|
|a LP 12025
|2 rvk
|0 (DE-625)rvk/105889:
|
| 245 |
0 |
4 |
|a Die Musik in Geschichte und Gegenwart
|n 14
|p Vollerthun - Zyganow
|c unter Mitarb. zahlr. Musikforscher d. In- u. Auslandes hrsg. von Friedrich Blume
|
| 264 |
|
1 |
|a München
|b Dt. Taschenbuch-Verl.
|c 1989
|
| 300 |
|
|
|a XLVII S., 1544 Sp.
|b zahlr. Ill., Notenbeisp.
|
| 336 |
|
|
|a Text
|b txt
|2 rdacontent
|
| 337 |
|
|
|a ohne Hilfsmittel zu benutzen
|b n
|2 rdamedia
|
| 338 |
|
|
|a Band
|b nc
|2 rdacarrier
|
| 601 |
|
|
|a Geschichte
|
| 601 |
|
|
|a Gegenwart
|
| 773 |
1 |
8 |
|a Die Musik in Geschichte und Gegenwart allgemeine Enzyklopädie der Musik
|w (DE-627)1091070113
|w (DE-576)021070113
|g 14
|q 14
|7 nnam
|
| 935 |
|
|
|a mteo
|
| 936 |
r |
v |
|a LP 12025
|b "Musik in Geschichte und Gegenwart" (MGG)
|k Musikwissenschaft
|k I. Musica theoretica
|k Allgemeines
|k Allgemeine (d.h. Personen und Realien enthaltende) Lexika und Enzyklopädien (+ Epochenschlüssel)
|k "Musik in Geschichte und Gegenwart" (MGG)
|0 (DE-627)1271336634
|0 (DE-625)rvk/105889:
|0 (DE-576)201336634
|
| 951 |
|
|
|a MV
|
| ELC |
|
|
|b 1
|
| ITA |
|
|
|a 1
|
| LOK |
|
|
|0 000 xxxxxcx a22 zn 4500
|
| LOK |
|
|
|0 001 2147992666
|
| LOK |
|
|
|0 003 DE-627
|
| LOK |
|
|
|0 004 1091074542
|
| LOK |
|
|
|0 005 20100408142855
|
| LOK |
|
|
|0 008 950703||||||||||||||||ger|||||||
|
| LOK |
|
|
|0 040
|a DE-21-35
|c DE-627
|d DE-21-35
|
| LOK |
|
|
|0 541
|e 1989/82466
|
| LOK |
|
|
|0 852
|a DE-21-35
|
| LOK |
|
|
|0 852 1
|c Mu 7.7-14
|m p
|9 00
|
| LOK |
|
|
|0 938
|k p
|
| LOK |
|
|
|0 939
|a 03-07-95
|b l01
|
| ORI |
|
|
|a SA-MARC-ixtheoa001.raw
|